VIII Cursos d'Estiu Educació Física i Esport - INEFC Centre de Barcelona : Barcelona, del 3 al 7 de juliol de 2000 : programa definitiu Barcelona, del 3 al 7 de juliol de 2000 :
Descripción Física:
19 p. ; 11 x 21 cm
MARC
| LEADER | 00000nam a2200000Ia 4500 | ||
|---|---|---|---|
| 001 | 14963 | ||
| 003 | BGR | ||
| 005 | 20260324175721.0 | ||
| 008 | 160829s2000 xx 000 0 cat d | ||
| 080 | |a FU-31-101 | ||
| 111 | |a Cursos d'Estiu de l'Educació Física i l'Esport |9 71135 |c (Barcelona : |d 2000) | ||
| 245 | |a VIII Cursos d'Estiu Educació Física i Esport - INEFC Centre de Barcelona : |b Barcelona, del 3 al 7 de juliol de 2000 : |b programa definitiu | ||
| 260 | |a [Barcelona] : |b INEFC Barcelona : |b Generalitat de Catalunya, |c 2000 | ||
| 300 | |a 19 p. ; |c 11 x 21 cm | ||
| 590 | |a Programa dels cursos | ||
| 650 | |a Educació física |x Ensenyament |9 38950 | ||
| 650 | |a Esports |x Ensenyament |9 38951 | ||
| 710 | 1 | |a Catalunya. |b Generalitat |9 12125 | |
| 710 | |a Institut Nacional d'Educació Física de Catalunya |9 62801 | ||
| 901 | |a Arxiu | ||
| 942 | |n 1 |2 udc |c MON | ||
| 952 | |0 0 |1 0 |4 0 |6 FU31101 |7 1 |9 48706 |a Arxiu |b Arxiu |d 2016-12-01 |l 0 |o FU-31-101 |p 14963 |r 2016-12-01 00:00:00 |w 2016-12-01 |y ARXIU | ||
| 999 | |c 52536 |d 52536 | ||